000 00773nam a22002417a 4500
003 BD-DhSAU
005 20231114152812.0
008 150418b2016 ii a|||| |||| 001 0 eng d
020 _a8170195582
040 _aBD-DhSAU
082 _222
_a639.8
_bR6432
245 _aRole of Animal Sciences in National Development (Vol-1) :
_cEdited by B.B. Kaliwal, B.N. Pandey and G.K. Kulkarni
_bNanotechnology in Aquaculture /
260 _aNew Delhi :
_bToday and Tomorrow's Printers and Publishers
_c2016
300 _avi, 221 p. :
_bill ;
_c22 cm.
504 _aIncludes bibliographical references
590 _aKobir
650 _aAquaculture
700 _aKaliwal, B.B.
700 _aPandey, B.N.
700 _aKulkarni, G.K.
942 _2ddc
_cBOOK
999 _c17305
_d17304